Народе Український (Запис № 332112)

МАРК-запис
000 -Лідер
fixed length control field 00679nam a22002417a 4500
003 - Ідентифікатор контрольного номера
control field UA-OsUOA
001 - Контрольний номер
control field 46019
007 - Фіксоване поле фізичного опису
fixed length control field ta
008 - Елементи даних фіксованої довжини – загальна інформація
fixed length control field 20070524b un ||||| |||| 00| 0 ukr d
090 ## - Локальний шифр розміщення
Класифікаційний індекс УДК 82-94
Авторський знак (НП) П29
040 ## - Джерело каталогізації
Агенція оригінальної каталогізації UA-OsUOA
Мова каталогізації ukr
Агенція, яка здійснювала перезапис UA-OsUOA
Агенція, яка здійснювала модифікацію UA-OsUOA
041 ## - Код мови
Код мови тексту/ звукової доріжки чи окремого заголовка (П) ukr
080 ## - Індекс Універсальної десяткової класифікації
Індекс Універсальної десяткової класифікації (УДК) (НП) 82-94
020 ## - Міжнародний стандартний книжковий номер (ISBN)
Міжнародний стандартний книжковий номер (ISBN) (НП) 5-7707-244-7
100 ## - Основне введення – ім’я особи
Ім’я особи (НП) Петлюра С. В.
245 ## - Відомості про назву
Назва (НП) Народе Український
Решта назви (НП) вибрані статі, листи, документи
260 ## - Публікація, розповсюдження і т.п. (Вихідні дані)
Місце публікації, розповсюдження і т.п. (П) Х.
Ім’я/ наймення видавництва, розповсюджувача і т.п. (П) Лівий берег
Дата публікації, розповсюдження і т.п. (П) 1992
300 ## - Фізичний опис
Обсяг 149 с.
650 #7 - Додаткове предметне введення – тематичний термін
Тематичний термін чи географічна назва, як елемент введення (НП) 82 Література. Літературознавство
Джерело заголовка чи терміна UDC
942 ## - Додаткові елементи входу (Коха)
Тип елемента Koha Книги
955 ## - Код типу видання за змістом
Код типу видання за змістом (НП) Літературно-художні видання
Фонди
Стан вилучень Стан втрат Джерело класифікації або схеми стелажів Стан уражень Не для кредиту Код колекції Постійне місце розташування Поточне розміщення Дата придбання Джерело придбання Вартість, звичайна ціна покупки Інвентарний номер Усього замовленно Повний номер виклику Штрих-код Дата останнього перегляду Ціна ефективна від Тип елемента Koha
    Universal Decimal Classification     Колекція Жулинського М.Г. АБ - Абонемент НБ АБ - Абонемент НБ 29/11/2013 63/2013 3.00 144352   82-94 П29 144352 06/02/2022 24/05/2007 Книги
    Universal Decimal Classification       АБ - Абонемент НБ АБ - Абонемент НБ 18/06/2015 26/2015 3.00 148455   82-94 П29 148455 25/01/2022 24/05/2007 Книги
    Universal Decimal Classification     Колекція Кушніра М.П. ЧЗ - Читальна зала ЧЗ - Читальна зала 24/05/2007 101/2007 3.00 104814   82-94 П29 104814 30/09/2021 24/05/2007 Книги
    Universal Decimal Classification     Колекція Ковальського М.П. ЧЗ - Читальна зала ЧЗ - Читальна зала 09/11/2009 128/2009 2.00 124422   82-94 П29 124422 07/02/2022 24/05/2007 Книги